Church and religious diversity (Record no. 23480)
[ view plain ]
| 000 -LEADER | |
|---|---|
| fixed length control field | 01191cam a2200181 i 4500 |
| 020 ## - INTERNATIONAL STANDARD BOOK NUMBER | |
| ISBN | 9789388945790 |
| 082 ## - DEWEY DECIMAL CLASSIFICATION NUMBER | |
| Classification number | 261 |
| Author Cutter | SAM |
| 100 1# - MAIN ENTRY--AUTHOR NAME | |
| Author name | Samuel, Joshua, |
| 245 10 - TITLE STATEMENT | |
| Title | Church and religious diversity |
| 260 ## - PUBLICATION, DISTRIBUTION, ETC. (IMPRINT) | |
| Place of publication | Delhi, |
| Name of publisher | Indian Society for Promoting Christian Knowledge ; Council for World Mission, |
| Year of publication | 2020 |
| 300 ## - PHYSICAL DESCRIPTION | |
| Number of Pages | xvii, 143 pages ; |
| 505 ## - FORMATTED CONTENTS NOTE | |
| Formatted contents note | Introduction / John J. Thatamanil<br/>1. Church as an event and religious diversity<br/>2. Christian engagement with other religious traditions<br/>3. Theological approaches to religious diversity<br/>4. Rethinking Christian claims of exclusivism<br/>5. Listening to silenced voices : ethical norms for interfaith dialogue and action<br/>Bible study 1 : Building interfaith solidarities for justice<br/>Bible study 2 : Banque beyond boundaries : a re-vision of the Kingdom of Heaven<br/>Bible study 3 : Jesus the interreligious learner<br/>Liturgy 1 : Freedomand haromnious living : a challenge for a pluralistic world<br/>Liturgy 2 : Justic : Divine imperative in a plural world<br/>Afterword / Peniel Jesudason Rufus Rajkumar<br/> |
| 650 #0 - SUBJECT ADDED ENTRY--TOPICAL TERM | |
| Topical Term | Christianity and other religions. |
| 650 #0 - SUBJECT ADDED ENTRY--TOPICAL TERM | |
| Topical Term | Religious pluralism. |
| 942 ## - ADDED ENTRY ELEMENTS (KOHA) | |
| Koha item type | Books |
| 700 1# - | |
| -- | Mall, Samuel, |
| Home library | Current library | Shelving location | Date acquired | Source of acquisition | Cost, normal purchase price | Full call number | Accession Number | Koha item type |
|---|---|---|---|---|---|---|---|---|
| Henry Martyn Institute Library | Henry Martyn Institute Library | General stacks | 06/13/2024 | Director | 180.00 | 261 SAM | 11-4507 | Books |
